01919nam a2200421 i 4500001000700000003000800007005001700015006001900032007001500051008004100066020002800107035002200135040003100157050002400188080001000212082001400222100004700236245031900283264005900602300004100661336003100702337003300733338004300766500002200809504004200831588008300873590016200956650002801118655002701146700004401173700004401217700004401261700004301305700004901348797001801397856006301415999001901478124983FINmELB20241217175754.0m o d | cr cnu||||||||240625s2024 xxu ob 001 0 spa d a9780311000623q(e-book) a(OCoLC)1449571658 aFINmELBbspaerdacFINmELB 4aLB1025.3bG952 2024 a37.0104a371.12231 aGuijarro Intriago, Rosa Victoria,eautora.13aLa lectura y su enseñanza :bhacia una concepción didáctica dinámico-participativa /cRosa Victoria Guijarro Intriago, Lory Gabriela Marquinez Mora, Sandra Cecibel Carrera Erazo, Carlos Raúl Sánchez Vidal, Ricardo Melecio Arana Cadena, Elsa Griselda Henríquez Carrera, Joselyn Gissela Llanllan Saenz. 1aTexas :bEditorial Tecnocientífica Americana,c2024. a1 recurso en línea (125 páginas) atextobtxt2rdacontent/spa acomputadorabc2rdamedia/spa arecurso en líneabcr2rdacarrier/spa aIncluye índice. aIncluye referencias bibliográficas. aDescripción basada en metadatos suministrados por el editor y otras fuentes. aRecurso electrónico. Santa Fe, Arg.: elibro, 2024. Disponible vía World Wide Web. El acceso puede estar limitado para las bibliotecas afiliadas a elibro. 4aEducaciónxMétodos. 4aLibros electrónicos.1 aMarquinez Mora, Lory Gabriela,eautora.1 aCarrera Erazo, Sandra Cecibel,eautora.1 aSánchez Vidal, Carlos Raúl,eautor.1 aArana Cadena, Ricardo Melecio,eautor.1 aHenríquez Carrera, Elsa Griselda,eautora.2 aelibro, Corp.40uhttps://elibro.net/ereader/politecnicointernacional/267234 c124983d124983